Zvolen -- Zámok

Zobrazenie: Pohľad v bielom orámovaní na Zvolenský zámok v pozadí. V popredí vidno rieku a na jej brehu sú kríky a listnaté stromy. Pod hradom vidno železničnú trať, vpravo za ňou sú dve nízke budovy. Vľavo za železnicou vidno ďalšiu nízku budovu

Bibliographic Details
Format: Postcard
Language:Slovak
PhysicalDescription:1 pohľadnica tónovaná do červena 10 x 15 cm
Published: Holice Grafo Čuda [medzi 1926 a 1955?]
Subjects:

MARC

LEADER 00000nkm a2200000 a 4500
001 vtls011974786
003 SK-MaSNL
005 20260512124330.0
007 kp ao
008 231120q1926 xr g kuslo
015 |a SNBG 
035 |a urn:nbn:sk:snk-km00efrs 
035 |a urn:nbn:sk:snk-km43d8u 
035 |a 3212CBAB-9E71-4DF6-8EAC-61FD8AE2AF40 
040 |a SNK  |b slo  |c SNK  |e AACR2 
041 0 |a slo 
043 |a e-xo--- 
044 |a xr  |c CZ 
072 7 |a 913  |x Regionálna geografia  |2 konspekt 
080 |a 913(437.6)  |2 2011 
080 |a 728.82  |2 2011 
080 |a (084.121)  |2 2011 
080 |a 556.53  |2 2011 
080 |a 502.51  |2 2011 
080 |a 656.21  |2 2011 
080 |a 625.1  |2 2011 
080 |a 721  |2 2011 
245 0 0 |a Zvolen -- Zámok  |h grafika 
260 |a Holice  |b Grafo Čuda  |c [medzi 1926 a 1955?] 
300 |a 1 pohľadnica  |b tónovaná do červena  |c 10 x 15 cm 
520 8 |a Zobrazenie: Pohľad v bielom orámovaní na Zvolenský zámok v pozadí. V popredí vidno rieku a na jej brehu sú kríky a listnaté stromy. Pod hradom vidno železničnú trať, vpravo za ňou sú dve nízke budovy. Vľavo za železnicou vidno ďalšiu nízku budovu 
610 2 7 |a Zvolenský zámok  |2 SNKKA  |9 231245 
650 0 7 |a zámky  |2 SNKPH  |9 3041 
650 0 7 |a rieky  |2 SNKPH  |9 29644 
650 0 7 |a železničné trate  |2 SNKPH  |9 4210 
650 0 7 |a budovy  |2 SNKPH  |9 1283 
651 7 |a Zvolen (Slovensko)  |2 SNKPHgeo  |9 14595 
655 7 |a miestne pohľadnice  |2 SNKPH  |9 70510 
852 |a Slovenská národná knižnica 
954 |a pohľadnice pôvodné (slovenské)  |2 lita 
954 |a pohľadnice cudzojazyčné (svetové)  |2 lita 
958 |a OND 
958 |a GBN 
958 |a GC 
958 |a EUIPO 
999 |c 866439  |d 868369 
952 |a SNK  |b SNK  |y PREZ  |7 0  |p 17A1246634  |o snkSP 38081  |0 0  |1 0  |4 0  |d 2020-06-17  |f 1  |l 0  |r 2026-02-24 05:27:36  |w 2026-02-24